[Event "Managua Muniz Memorial 2nd"]
[Site "Managua"]
[Date "2019.04.14"]
[Round "8"]
[White "Mejia, Donaldo"]
[Black "Vallecillo, Saul"]
[Result "0-1"]
[WhiteElo "1893"]
[BlackElo "1879"]
[PlyCount "68"]
[EventDate "2019.03.30"]
[EventType "tourn"]
[EventRounds "9"]
[EventCountry "NCA"]
[SourceTitle "CBM 190 Extra"]
[Source "ChessBase"]
[SourceDate "2019.07.15"]
[SourceVersion "1"]
[SourceVersionDate "2019.07.15"]
[SourceQuality "1"]

1. Nf3 Nf6 2. c4 c6 3. Nc3 d5 4. e3 Bg4 5. Qb3 Qb6 6. Qxb6 axb6 7. cxd5 Bxf3 8. gxf3 cxd5 9. f4 e6 10. b3 Nc6 11. Na4 Nb4 12. Bb5+ Kd8 13. Ke2 Ra5 14. Nc3 Ne4 15. a4 Nd6 16. Bb2 d4 17. exd4 Nc2 18. Rac1 Nxd4+ 19. Kd3 Nxb3 20. Rc2 Nxb5 21. axb5 Bc5 22. Ne4 f6 23. Nxf6 Rf8 24. Nxh7 Rxf4 25. Ng5 Rxf2 26. Nxe6+ Kd7 27. Nxg7 Rf3+ 28. Ke4 Rh3 29. d4 Rh4+ 30. Kd5 Nxd4 31. Rf2 Rxb5 32. Rd1 Nf3 33. Bd4 Bb4+ 34. Kc4 Rc5+ 0-1

[Event "Managua Muniz Memorial 2nd"]
[Site "Managua"]
[Date "2019.04.07"]
[Round "5"]
[White "Simplina, Amor"]
[Black "Mejia, Donaldo"]
[Result "0-1"]
[WhiteElo "2159"]
[BlackElo "1893"]
[PlyCount "46"]
[EventDate "2019.03.30"]
[EventType "tourn"]
[EventRounds "9"]
[EventCountry "NCA"]
[SourceTitle "CBM 190 Extra"]
[Source "ChessBase"]
[SourceDate "2019.07.15"]
[SourceVersion "1"]
[SourceVersionDate "2019.07.15"]
[SourceQuality "1"]

1. d4 Nf6 2. c4 c5 3. Nf3 g6 4. Nc3 cxd4 5. Nxd4 d5 6. Bf4 dxc4 7. Bxb8 Rxb8 8. Qa4+ Bd7 9. Qxa7 Bg7 10. e3 b5 11. Rd1 Ra8 12. Qc5 Qa5 13. Nc6 Bxc6 14. Qxc6+ Kf8 15. Qxb5 Qxb5 16. Nxb5 Rxa2 17. Rd8+ Ne8 18. Nc7 Bxb2 19. Nxe8 c3 20. Rc8 Ba3 21. Kd1 Rd2+ 22. Ke1 Bb4 23. Nf6+ Kg7 0-1